Normal view
MARC view
- Oli,
Entry Nombre Personal
001 - NUMERO DE CONTROL
- campo de control: 33535
003 - IDENTIFICADOR DE NUMERO DE CONTROL
- campo de control: UPN
005 - FECHA Y HORA DE LA ÜLTIMA TRANSACCIÓN
- campo de control: 20240415161751.0
008 - DATOS DE LONGITUD FIJA
- campo de control de longitud fija: 240415|| aca||aabn | aaa d
035 ## - NUMERO DE CONTROL
- Número de control: UPN11000005642
040 ## - FUENTE DE CATALOGACIÓN
- Agencia original de catalogación: MX-MxUPN
- Lenguaje de catalogación: spa
- Agencia de transcripción: MX-MxUPN
100 0# - ENCABEZAMIENTO - NOMBRE PERSONAL
- Nombre personal: Oli,
- Fechas asociadas con el nombre: 1961-
400 1# - VEÁSE - NOMBRE DE PERSONA
- Personal name: González Barreiro, Xosé Manuel,
- Dates associated with a name: 1961-
400 1# - VEÁSE - NOMBRE DE PERSONA
- Personal name: González, Xosé M.,
- Dates associated with a name: 1961-
670 ## - FUENTE EN LA QUE SE LOCALIZARON DATOS
- Cita de la fuente: LC, 15 abril 2024:
- Información localizada: (Oli, 1961-)
- Uniform Resource Identifier: https://lccn.loc.gov/no2010088830
670 ## - FUENTE EN LA QUE SE LOCALIZARON DATOS
- Cita de la fuente: Arturo, 2011 :
- Información localizada: cubierta (Xosé Manuel González "Oli")
680 ## - NOTA PUBLICA DE ACCESO PÚBLICO
- Frase explicativa de la referencia: Profesor, escritor y traductor español
902 ## - CATALOGADOR
- Catalogador: CAA/140513
- Catalogador: MaríaRobles/150424
